Nationale, clubs de la saison 2020-2021. - Statistiques

Statistiques générales
  • Ce quiz a été pris 38 fois
    22 depuis la dernière actualisation
  • Le résultat moyen est 11 sur 14
Statistiques - réponses
Classement Fédérale 1 2020 Clubs % Correct
1er poule 3 SC Albi
100%
2e poule 4 US Dax
94%
2e poule 2 RC Narbonne
94%
3e poule 3 Stado Tarbes PR
94%
3e poule 2 Stade niçois
94%
1er poule 2 US bressane
88%
2e poule 3 Blagnac rugby
82%
5e poule 2 CS Bourgoin-Jallieu
76%
4e poule 1 SO Chambéry
76%
2e poule 1 Stade dijonnais
76%
1er poule 1 RC Massy
76%
4e poule 2 RC Aubenas Vals
65%
3e poule 1 RC Suresnes
65%
1er poule 4 Union Cognac Saint-Jean-d'Angély
59%
Aucun quiz correspondant
Distribution des résultats
% des personnes avec chaque résultat
Percentile par nombre de réponses
Votre historique - résultats
Vous n’avez pas pris ce quiz depuis la dernière actualisation